Pericia documental : viejos retos, nuevas soluciones /

Obra que reune una serie de textos recuperados de talleres, plenarias y comunicaciones que estudian el peritaje de documentos en procesos legales y de investigación ante el creciente uso de recursos informáticos para la falsificación de información, así como el uso de las nuevas tecnologías digitale...

ver descrição completa

Na minha lista:
Detalhes bibliográficos
Autor principal: Gonález Arrieta, Angélica (edición)
Formato: Livro
Idioma:espanhol
Publicado em: Salamanca, España : Universidad de Salamanca : 2018, c2018
coleção:(Aquilafuente ; 269)
Assuntos:
Tags: Adicionar Tag
Sem tags, seja o primeiro a adicionar uma tag!

MARC

LEADER 00000nam^a2200000^a^4500
001 000623627
005 20251029000000.0
009 20260310133942.234
020 |a 978-84-1311-144-5 
025 |a Donación sin dato, 1 ejemplar 
037 |a Acervo ITESO - Biblioteca 
041 |a ESP 
082 |a 363. 2565  |b GON 
100 |a Gonález Arrieta, Angélica  |e (edición) 
245 1 0 |a Pericia documental :  |b viejos retos, nuevas soluciones /  |c Ed. de A. Gonález Arrieta. 
264 4 |a Salamanca, España :  |b Universidad de Salamanca :  |c 2018, c2018 
300 |a V, 320 p. 
336 |a texto  |b txt  |2 rdacontenido 
337 |a sin mediación  |b n  |2 rdamedio 
338 |a volumen  |b nc  |2 rdasoporte 
440 1 |a (Aquilafuente ;  |v 269) 
520 |a Obra que reune una serie de textos recuperados de talleres, plenarias y comunicaciones que estudian el peritaje de documentos en procesos legales y de investigación ante el creciente uso de recursos informáticos para la falsificación de información, así como el uso de las nuevas tecnologías digitales para facilitar el análisis de la prueba pericial. 
649 |a XX 
650 |a Falsificación y Alteración de Documentos 
650 |a Grafología 
650 |a Caligrafía 
650 |a Comunicación Escrita 
650 |a Prueba Documental 
650 |a Prueba Pericial -  |x Tema Principal 
650 |a Prueba (Derecho) 
650 |a Grafología -  |x Tema Principal 
650 |a Investigación del Delito 
650 |a Criminalística 
650 |a Ciencias Forenses 
650 |a Derecho 
910 |a Fondo General 
920 |a Impresos - Libros 
930 |a Colección General 
905 |a 101 
901 |a 623627-10  |b IT1  |c ACC  |i D  |u 20251029 
902 |a https://opac.biblio.iteso.mx/vufind/Record/000623627